LEADER 00999nam0 22002531i 450 001 RML0297965 005 20231121125741.0 100 $a20121121d1979 ||||0itac50 ba 101 | $afre 102 $afr 181 1$6z01$ai $bxxxe 182 1$6z01$an 200 1 $aNotes sur l'histoire en France$eau 19. siècle suivi de extraits des historioens francais du 19 siècle$fCamille Jullian$gprésentation de G. Bertier de Sauvigny 210 $aParis $cSlatkine Reprints $d1979 215 $aCXXVIII, 684 p.$d22 cm 700 1$aJullian$b, Camille$3RMLV192497$0178506 801 3$aIT$bIT-01$c20121121 850 $aIT-FR0017 899 $aBiblioteca umanistica Giorgio Aprea$bFR0017 912 $aRML0297965 950 0$aBiblioteca umanistica Giorgio Aprea$d 52CIS 9/1354$e 52VM 0000677985 VM barcode:00044600. - Inventario:9999 FLSVM$fA $h20070326$i20121204 977 $a 52 996 $aNotes sur l'histoire en France$93629283 997 $aUNICAS